| 000 | 00988nam a2200289 i 4500 | ||
|---|---|---|---|
| 001 | 8332 | ||
| 003 | KOSZ 005 | ||
| 005 | 20191028133501.0 | ||
| 008 | 070620s1969 pl a f 001 0 pol | ||
| 015 | _aPB 1969/6276 | ||
| 040 |
_aWA N _cKOSZ 005/RW _dKOSZ 005/RW _dKOSZ 005/HR |
||
| 046 | _k1969 | ||
| 080 | _a621.313 | ||
| 100 | 1 |
_aWróbel, Tadeusz _d(1926-2012). _eAutor. |
|
| 245 | 1 | 0 |
_aMikromaszyny elektryczne : _bporadnik / _cTadeusz Wróbel. |
| 260 |
_aŁódź : _bWydawnictwo Ministerstwa Obrony Narodowej, _c1969. |
||
| 300 |
_a432 s.: _bil., err.; _c23 cm. |
||
| 380 | _aKsiążki. | ||
| 388 | _a1901-2000 | ||
| 504 | _aBibliogr. s. [419]-424. Indeks. | ||
| 658 | _aInżynieria i technika | ||
| 655 | 4 | _aPodręcznik | |
| 650 | 4 | _aMaszyny elektryczne | |
| 710 | 2 |
_aWydawnictwo Ministerstwa Obrony Narodowej _4pbl. |
|
| 856 |
_uhttp://koha.tu.koszalin.pl/cgi-bin/koha/opac-detail.pl?biblionumber=8332 _yKatalog online BPK |
||
| 942 |
_2UKD _cKS |
||
| 999 |
_c8332 _d8332 |
||